| 000 | 02730nam a2200601 i 4500 | ||
|---|---|---|---|
| 001 | 3191616 | ||
| 005 | 20220720180717.0 | ||
| 008 | 210910s2021 nyua c 000 1 eng d | ||
| 010 | _a 2021936034 | ||
| 020 |
_a9781534432987 : _c$17.99 |
||
| 020 |
_a1534432981 : _c$17.99 |
||
| 020 | _a9781534432970 | ||
| 020 | _z9781534432994 | ||
| 035 | _a(OCoLC)1237343992 | ||
| 035 | _a(OCoLC)on1237343992 | ||
| 035 | _a3133217 | ||
| 040 |
_aPABRO _beng _erda _cPABRO |
||
| 050 | 4 |
_aPZ7.W51937 _bZeu 2021 |
|
| 082 | 0 | 4 |
_a[Fic] _223 |
| 092 |
_ajunior fiction _bHolub |
||
| 100 | 1 |
_aHolub, Joan. _eauthor. _929539 |
|
| 245 | 1 | 0 |
_aZeus and the skeleton army / _cTracey West ; created by Joan Holub and Suzanne Williams ; illustrations by Craig Phillips. |
| 264 | 1 |
_aNew York : _bAladdin, _c[2021] |
|
| 300 |
_a92 pages : _billustrations ; _c22 cm. |
||
| 336 | _atext | ||
| 337 | _aunmediated | ||
| 338 | _avolume | ||
| 490 | 1 |
_aHeroes in training ; _v#18 |
|
| 520 | _aZeus and his fellow gods-in-training attempt to capture the king of hell's hound in this latest Heroes in Training chapter book! Zeus and his fellow gods-in-training face a new challenge in the underworld when they attempt to capture Cerberus-the three-headed guardian and cherished pet of Zeus's brother Hades. But they find themselves up against even more than they anticipated when they have to face off against Melinoe and her skeletal minions. | ||
| 521 | 1 |
_a7-10 _bBrodart. |
|
| 521 | 2 |
_a2-5 _bBrodart. |
|
| 600 | 0 | 0 |
_aZeus _c(Greek deity) _vJuvenile fiction. _96443865 |
| 600 | 0 | 1 |
_aZeus _c(Greek deity) _vFiction. _96452079 |
| 650 | 1 | _aFantasy. | |
| 650 | 0 |
_aMythology, Greek _vJuvenile fiction. _95695196 |
|
| 650 | 0 |
_aSkeletons _vJuvenile fiction. _96452080 |
|
| 650 | 1 |
_aMythology, Greek _vFiction. _95674365 |
|
| 650 | 1 |
_aSkeletons _vFiction. _96452081 |
|
| 650 | 7 |
_aJUVENILE FICTION / Legends, Myths, Fables / Greek & Roman. _2bisacsh _95683752 |
|
| 650 | 7 |
_aJUVENILE FICTION / Action & Adventure / General. _2bisacsh _95675719 |
|
| 650 | 7 |
_aJUVENILE FICTION / Boys & Men. _2bisacsh _95675429 |
|
| 655 | 7 |
_aFantasy fiction. _2lcgft |
|
| 655 | 0 | _aFantasy fiction. | |
| 655 | 7 |
_aFantasy fiction. _2gsafd |
|
| 700 | 1 |
_aPhillips, Craig, _eillustrator. _95696064 |
|
| 830 | 0 |
_aHeroes in training ; _v#18. _95959636 |
|
| 942 |
_2ddc _cBOOK |
||
| 999 |
_c375705 _d375705 |
||